Inch by inch. (Record no. 6186)

MARC details
000 -LEADER
fixed length control field 00863cam a22002771 4500
001 - CONTROL NUMBER
control field 6186
003 - CONTROL NUMBER IDENTIFIER
control field FISKH
005 - DATE AND TIME OF LATEST TRANSACTION
control field 20250325093243.0
008 - FIXED-LENGTH DATA ELEMENTS--GENERAL INFORMATION
fixed length control field 760219s1960 nyua j 000 1 eng
010 ## - LIBRARY OF CONGRESS CONTROL NUMBER
LC control number 60014899
040 ## - CATALOGING SOURCE
Original cataloging agency DLC
Language of cataloging eng
Transcribing agency Wa
Modifying agency DLC
050 ## - LIBRARY OF CONGRESS CALL NUMBER
Classification number PZ7.L6634 I
082 ## - DEWEY DECIMAL CLASSIFICATION NUMBER
Classification number 813
100 1# - MAIN ENTRY--PERSONAL NAME
Personal name Lionni, Leo,
Dates associated with a name 1910-1999.
245 10 - TITLE STATEMENT
Title Inch by inch.
250 ## - EDITION STATEMENT
Edition statement First Scholastic printing, March 1994
260 ## - PUBLICATION, DISTRIBUTION, ETC.
Place of publication, distribution, etc. New York :
Name of publisher, distributor, etc. Scholastic,
Date of publication, distribution, etc. 1960.
300 ## - PHYSICAL DESCRIPTION
Extent 32 pages :
Other physical details color illustrations ;
Dimensions 28 cm
505 ## - FORMATTED CONTENTS NOTE
Formatted contents note E<br/>
520 ## - SUMMARY, ETC.
Summary, etc. To keep from being eaten, an inchworm measures a robin's tail, a flamingo's neck, a toucan's beak, a heron's legs, and a nightingale's song.
521 8# - TARGET AUDIENCE NOTE
Target audience note 210<br/>
Source Lexile AD<br/>
521 8# - TARGET AUDIENCE NOTE
Target audience note E<br/>
Source Raz-Plus<br/>
906 ## - LOCAL DATA ELEMENT F, LDF (RLIN)
a 7
b cbc
c orignew
d u
e ocip
f 19
g y-gencatlg
942 ## - ADDED ENTRY ELEMENTS (KOHA)
Source of classification or shelving scheme Dewey Decimal Classification
Koha item type Books
Suppress in OPAC No
Holdings
Withdrawn status Lost status Source of classification or shelving scheme Damaged status Not for loan Collection Home library Current library Shelving location Date acquired Total Checkouts Full call number Barcode Date last seen Price effective from Koha item type
    Dewey Decimal Classification     Juvenile Fiction Footprints International School Library Network Toul Kork Campus Footprints International School Library Network Toul Kork Campus TK Primary Library Room(4th Floor), Bookcase 7, Shelves 57-60, Dark Green Books 03/25/2025   LIO 813 PZ7.L6634 I FISBK06117 03/25/2025 03/25/2025 Books